000 00838nam a2200265 i 4500
001 5664
003 ES-MaACL
005 20230906144644.0
007 t|
008 890418s1988 sp ||||1| spa d
020 _a84-320-4416-4
080 _a323.17(46)
245 0 0 _aFederalismo y estado de las autonomías /
_cLluis Armet... [et al.] ; traducido del catalán por Carolina Rosés.
250 _a1a ed.
260 _aBarcelona :
_bPlaneta,
_c1988.
300 _aXI, 203 p. ;
_c21 cm.
490 1 _aDocumento ;
_v233
650 1 4 _aFederalismo-
_zEspaña.
_912739
650 _aEspaña-
_xComunidades autónomas.
_9178649
700 1 _aArmet, Lluis.
_922972
700 1 _aRosés Delcláos, Carolina.
_9132085
830 0 _aDocumento ;
_v233
_9177347
852 _aES-MaACL
_jL-12618
_bR.115890
_z. - rust.
999 _c5664
_d5664